[Event "Titled Tuesday intern op 13th Feb Early"]
[Site "Chess.com INT"]
[Date "2024.02.13"]
[Round "8"]
[White "Parpiev, Isaak"]
[Black "Durarbayli, Vasif"]
[Result "0-1"]
[WhiteElo "2285"]
[BlackElo "2627"]
[PlyCount "78"]
[EventDate "2024.02.13"]
[EventType "swiss (blitz)"]
[EventRounds "11"]
[EventCountry "USA"]
[SourceTitle "CB08_2024"]
[SourceDate "2024.02.21"]
[SourceVersion "1"]
[SourceVersionDate "2024.02.21"]
[SourceQuality "1"]

1. e4 e5 2. Nf3 Nc6 3. Bc4 Nf6 4. d3 h6 5. c3 d6 6. a4 g5 7. a5 Bg7 8. Nbd2 Ne7 9. Nf1 c6 10. Bb3 Ng6 11. Ng3 d5 12. a6 bxa6 13. Ba4 Bd7 14. exd5 cxd5 15. Nf5 0-0 16. Bxd7 Qxd7 17. Nxg7 Kxg7 18. Rxa6 g4 19. Qd2 Rh8 20. Ng1 Qb5 21. Ra3 Nf4 22. Ne2 Nxd3+ 23. Kf1 Nf4 24. g3 Ne4 25. Qe3 Nh3 26. f3 gxf3 27. Qxf3 Nef2 28. Kg2 e4 29. Qe3 Nxh1 30. Kxh3 Qd3 31. Qxd3 Nf2+ 32. Kg2 Nxd3 33. Be3 Nxb2 34. Bd4+ f6 35. Nf4 Rhe8 36. Ra6 e3 37. Bxf6+ Kf7 38. Kf1 e2+ 39. Ke1 Re6 0-1

[Event "Titled Tuesday intern op 09th Jan Early"]
[Site "Chess.com INT"]
[Date "2024.01.09"]
[Round "3"]
[White "Parpiev, Isaak"]
[Black "Romero Arzuaga, Yudel"]
[Result "0-1"]
[WhiteElo "2285"]
[BlackElo "2221"]
[PlyCount "70"]
[EventDate "2024.01.09"]
[EventType "swiss (blitz)"]
[EventRounds "11"]
[EventCountry "USA"]
[SourceTitle "CB03_2024"]
[SourceDate "2024.01.17"]
[SourceVersion "1"]
[SourceVersionDate "2024.01.17"]
[SourceQuality "1"]

1. e4 d5 2. exd5 Qxd5 3. Nc3 Qd8 4. d4 c6 5. Nf3 Bg4 6. Bc4 e6 7. 0-0 Nf6 8. Be3 Be7 9. h3 Bh5 10. g4 Bg6 11. Ne5 Nbd7 12. f4 Qb6 13. Nxd7 Kxd7 14. f5 exf5 15. gxf5 Bh5 16. Qd2 Qc7 17. d5 Qg3+ 18. Kh1 Qxh3+ 19. Kg1 Qg3+ 20. Kh1 Bf3+ 21. Rxf3 Qxf3+ 22. Kg1 Qg3+ 23. Kf1 Qf3+ 24. Bf2 c5 25. d6 Bxd6 26. Bxf7 Rad8 27. Re1 a6 28. Nd5 Ng4 29. Be6+ Kc6 30. Re3 Qxf2+ 31. Qxf2 Nxf2 32. Kxf2 c4 33. b3 Bc5 34. bxc4 Bxe3+ 35. Kxe3 b5 0-1

[Event "Titled Tuesday intern op 19th Dec Early"]
[Site "Chess.com INT"]
[Date "2023.12.19"]
[Round "10"]
[White "Reprintsev, Alexander"]
[Black "Parpiev, Isaak"]
[Result "0-1"]
[WhiteElo "2239"]
[BlackElo "2205"]
[PlyCount "106"]
[EventDate "2023.12.19"]
[EventType "swiss (blitz)"]
[EventRounds "11"]
[EventCountry "USA"]
[SourceTitle "CB52_2023"]
[SourceDate "2023.12.27"]
[SourceVersion "1"]
[SourceVersionDate "2023.12.27"]
[SourceQuality "1"]

1. e4 e5 2. f4 exf4 3. Bc4 Nf6 4. Nc3 Nc6 5. d4 d5 6. exd5 Na5 7. Bb5+ Bd7 8. Qe2+ Be7 9. Bxf4 0-0 10. 0-0-0 Bb4 11. Bxd7 Qxd7 12. Qb5 Bxc3 13. Qxd7 Bxb2+ 14. Kxb2 Nxd7 15. Bxc7 Nc4+ 16. Kb3 Ne3 17. Rd2 Nxd5 18. Bd6 Rfe8 19. c4 Re3+ 20. Kb2 N7b6 21. Rc2 Na4+ 22. Kc1 Ndc3 23. Nf3 Rc8 24. c5 Ne4 25. Bf4 Rc3 26. Re1 f5 27. Nd2 Nf6 28. Be5 Nd5 29. Rxc3 Naxc3 30. Kb2 b6 31. Nb3 bxc5 32. dxc5 Na4+ 33. Ka3 Nxc5 34. Rc1 Re8 35. Rxc5 Rxe5 36. Ra5 f4 37. Rxa7 Re2 38. Nd4 Rxg2 39. Rd7 Nc3 40. Nf3 h6 41. h4 Rxa2+ 42. Kb3 Rf2 43. Ne5 Ne4 44. Kc4 Nf6 45. Ra7 Rh2 46. Ng6 Rg2 47. Ra8+ Kf7 48. Nh8+ Ke6 49. Ra6+ Kf5 50. Ra5+ Kg4 51. Ng6 f3 52. Kd3 Re2 53. Ne5+ Kg3 0-1

[Event "Titled Tuesday intern op 19th Dec Early"]
[Site "Chess.com INT"]
[Date "2023.12.19"]
[Round "8"]
[White "Zakhartsov, Vladimir"]
[Black "Parpiev, Isaak"]
[Result "1-0"]
[WhiteElo "2509"]
[BlackElo "2205"]
[PlyCount "181"]
[EventDate "2023.12.19"]
[EventType "swiss (blitz)"]
[EventRounds "11"]
[EventCountry "USA"]
[SourceTitle "CB52_2023"]
[SourceDate "2023.12.27"]
[SourceVersion "1"]
[SourceVersionDate "2023.12.27"]
[SourceQuality "1"]

1. d4 d5 2. c4 c6 3. Nf3 Nf6 4. Nbd2 Bf5 5. Nh4 Be6 6. e3 g5 7. Nhf3 g4 8. Ne5 h5 9. b3 Nbd7 10. Nxd7 Qxd7 11. Bb2 Bh6 12. Bd3 h4 13. Qe2 a6 14. 0-0-0 Bf5 15. Kb1 Bxd3+ 16. Qxd3 0-0-0 17. Bc3 h3 18. g3 Qe6 19. Rc1 Kb8 20. Ba5 Rd7 21. c5 Ne4 22. Nxe4 Qxe4 23. Qxe4 dxe4 24. Bc3 Rd5 25. b4 Kc8 26. Rc2 Kd7 27. Kb2 Bg7 28. Kb3 Rh6 29. Kc4 Rf6 30. Re1 Rf3 31. Ree2 e5 32. dxe5 Ke6 33. a4 Bxe5 34. Bxe5 Kxe5 35. Red2 Rf6 36. b5 axb5+ 37. axb5 cxb5+ 38. Kxb5 Rd3 39. Kc4 Rxd2 40. Rxd2 Ra6 41. Rb2 Ra7 42. Kb5 Ra6 43. Rd2 Ke6 44. Rb2 f5 45. Kc4 Ra4+ 46. Kc3 Ra3+ 47. Kb4 Ra1 48. Kc4 Ra4+ 49. Kb5 Ra6 50. Rd2 Ra1 51. Rd6+ Ke7 52. Rd5 Ke6 53. Rd6+ Ke7 54. Rh6 Rb1+ 55. Ka5 Ra1+ 56. Kb6 Rb1+ 57. Ka7 Rc1 58. Kb6 Rb1+ 59. Ka5 Ra1+ 60. Kb4 Rb1+ 61. Kc4 Rh1 62. Rh7+ Ke6 63. Rxb7 Rxh2 64. Rb6+ Kd7 65. Kd5 Rxf2 66. c6+ Kc7 67. Rb7+ Kc8 68. Rh7 Rd2+ 69. Kc5 f4 70. gxf4 h2 71. Kb6 Rb2+ 72. Kc5 Rc2+ 73. Kd6 Rd2+ 74. Kc5 g3 75. Rh8+ Rd8 76. Rh7 Rd1 77. Rh8+ Rd8 78. Rh7 g2 79. Kb6 g1Q 80. Rc7+ Kb8 81. Rb7+ Ka8 82. Ra7+ Kb8 83. c7+ Kc8 84. Ra8+ Kd7 85. cxd8Q+ Ke6 86. Qe8+ Kf5 87. Qe5+ Kg4 88. Rg8+ Kf3 89. Qh5+ Kxe3 90. Rxg1 hxg1Q 91. Qc5+ 1-0

[Event "Titled Tuesday intern op 05th Sep Early"]
[Site "Chess.com INT"]
[Date "2023.09.05"]
[Round "3"]
[White "Buscar, Michael"]
[Black "Parpiev, Isaak"]
[Result "1-0"]
[WhiteElo "2041"]
[BlackElo "2158"]
[PlyCount "131"]
[EventDate "2023.09.05"]
[EventType "swiss (blitz)"]
[EventRounds "11"]
[EventCountry "USA"]
[SourceTitle "EXT 2024"]
[Source "ChessBase"]
[SourceDate "2023.10.10"]
[SourceVersion "1"]
[SourceVersionDate "2023.10.10"]
[SourceQuality "1"]

1. e4 c6 2. Nf3 d5 3. Nc3 Bg4 4. exd5 cxd5 5. d4 Nc6 6. Be3 Nf6 7. h3 Bh5 8. g4 Bg6 9. Nh4 e6 10. Nxg6 hxg6 11. Bb5 Qb6 12. Bxc6+ Qxc6 13. Ne2 Nxg4 14. Qd2 Nxe3 15. fxe3 Qa6 16. a3 b5 17. c3 Be7 18. 0-0-0 Qa4 19. Kb1 a5 20. Qc2 Qc4 21. Nf4 b4 22. cxb4 Qxc2+ 23. Kxc2 axb4 24. axb4 Bxb4 25. Nd3 Bd6 26. Rb1 Ke7 27. Nc5 Rhb8 28. Ra1 e5 29. Rhe1 e4 30. Kc3 Bc7 31. b4 f5 32. Rg1 Kf7 33. Nd7 Rc8 34. Kb3 Bd6 35. Nc5 Rcb8 36. Rgb1 g5 37. Rg1 Kg6 38. Rxa8 Rxa8 39. Ne6 Be7 40. Nf4+ Kf7 41. Nxd5 Bf6 42. b5 Rh8 43. b6 Rxh3 44. Kc4 Rh2 45. Rb1 Rc2+ 46. Kb5 Rc8 47. b7 Rb8 48. Kc6 g4 49. Kc7 Rxb7+ 50. Rxb7 g3 51. Kd6+ Kg6 52. Nf4+ Kg5 53. Ke6 Kg4 54. Rf7 Kf3 55. Kxf5 Kxe3 56. d5 Kf3 57. d6 e3 58. d7 e2 59. Nxe2 Kxe2 60. Rxf6 g2 61. d8Q g1Q 62. Qe7+ Kf3 63. Qe4+ Kf2 64. Qd4+ Kf1 65. Qxg1+ Kxg1 66. Rg6+ 1-0

[Event "Titled Tuesday intern op 05th Sep Early"]
[Site "Chess.com INT"]
[Date "2023.09.05"]
[Round "2"]
[White "Parpiev, Isaak"]
[Black "Kushko, Dmitriy"]
[Result "0-1"]
[WhiteElo "2158"]
[BlackElo "2426"]
[PlyCount "48"]
[EventDate "2023.09.05"]
[EventType "swiss (blitz)"]
[EventRounds "11"]
[EventCountry "USA"]
[SourceTitle "EXT 2024"]
[Source "ChessBase"]
[SourceDate "2023.10.10"]
[SourceVersion "1"]
[SourceVersionDate "2023.10.10"]
[SourceQuality "1"]

1. d4 g6 2. e4 Bg7 3. Nc3 d6 4. g3 Nf6 5. Bg2 0-0 6. Nge2 e5 7. 0-0 c6 8. a4 a5 9. h3 Na6 10. Be3 Nb4 11. Qd2 d5 12. exd5 Nfxd5 13. Nxd5 Nxd5 14. dxe5 Bxe5 15. Bd4 Qf6 16. Bxe5 Qxe5 17. Bxd5 cxd5 18. h4 Qxb2 19. h5 Bg4 20. Nf4 Rac8 21. Nxd5 Rxc2 22. Qg5 Be6 23. Nf6+ Kg7 24. hxg6 Qxf6 0-1

[Event "Titled Tuesday intern op 29th Aug Early"]
[Site "Chess.com INT"]
[Date "2023.08.29"]
[Round "11"]
[White "Nagare, Kaivalya Sandip"]
[Black "Parpiev, Isaak"]
[Result "1-0"]
[WhiteElo "2071"]
[BlackElo "2123"]
[PlyCount "81"]
[EventDate "2023.08.29"]
[EventType "swiss (blitz)"]
[EventRounds "11"]
[EventCountry "USA"]
[SourceTitle "EXT 2024"]
[Source "ChessBase"]
[SourceDate "2023.10.10"]
[SourceVersion "1"]
[SourceVersionDate "2023.10.10"]
[SourceQuality "1"]

1. e4 c6 2. d4 d5 3. e5 Bf5 4. h4 h5 5. c4 e6 6. Nc3 Bb4 7. cxd5 Qxd5 8. a3 Bxc3+ 9. bxc3 c5 10. Be3 cxd4 11. Qxd4 Qxd4 12. cxd4 Ne7 13. Nf3 Nbc6 14. Be2 0-0 15. 0-0 b6 16. Rac1 Rac8 17. Ba6 Rc7 18. Rc4 Bd3 19. Rxc6 Rxc6 20. Bxd3 Rc3 21. Be4 Rxa3 22. Rc1 Nd5 23. Bg5 Nc3 24. Bd3 Rc8 25. Kh2 a5 26. Nd2 Rc7 27. Bd8 Nd5 28. Bxc7 Rxd3 29. Ne4 Rxd4 30. Ng5 Rxh4+ 31. Kg1 Rg4 32. Bd8 g6 33. Rc8 Kg7 34. f3 Rb4 35. Ne4 Rb1+ 36. Kh2 Re1 37. Bf6+ Nxf6 38. exf6+ Kh7 39. Ng5+ Kh6 40. Nxf7+ Kh7 41. Rh8# 1-0

[Event "Titled Tuesday intern op 08th Aug Early"]
[Site "Chess.com INT"]
[Date "2023.08.08"]
[Round "8"]
[White "Kuznecova, Marija"]
[Black "Parpiev, Isaak"]
[Result "0-1"]
[WhiteElo "2023"]
[BlackElo "2123"]
[PlyCount "52"]
[EventDate "2023.08.08"]
[EventType "swiss (blitz)"]
[EventRounds "11"]
[EventCountry "USA"]
[SourceTitle "EXT 2024"]
[Source "ChessBase"]
[SourceDate "2023.10.10"]
[SourceVersion "1"]
[SourceVersionDate "2023.10.10"]
[SourceQuality "1"]

1. e4 c6 2. d4 d5 3. e5 Bf5 4. Nf3 e6 5. Be2 Ne7 6. 0-0 c5 7. c4 dxc4 8. Bxc4 Bg4 9. h3 Bh5 10. g4 Bg6 11. Nc3 cxd4 12. Nxd4 Nec6 13. Nxc6 Nxc6 14. Bf4 Bc5 15. Nb5 0-0 16. Nd6 Qb6 17. b3 Bd4 18. Rc1 Bxe5 19. Be3 Bd4 20. Bxd4 Nxd4 21. Nxb7 Be4 22. Nc5 Qxc5 23. Bxe6 Qxc1 24. Qxc1 Ne2+ 25. Kh2 Nxc1 26. Rxc1 fxe6 0-1

[Event "Titled Tuesday intern op 25th Jul Early"]
[Site "Chess.com INT"]
[Date "2023.07.25"]
[Round "3"]
[White "Parpiev, Isaak"]
[Black "Kamsky, Gata"]
[Result "1/2-1/2"]
[WhiteElo "2123"]
[BlackElo "2655"]
[PlyCount "126"]
[EventDate "2023.07.25"]
[EventType "swiss (blitz)"]
[EventRounds "11"]
[EventCountry "USA"]
[SourceTitle "EXT 2024"]
[Source "ChessBase"]
[SourceDate "2023.10.10"]
[SourceVersion "1"]
[SourceVersionDate "2023.10.10"]
[SourceQuality "1"]

1. d4 Nf6 2. c4 g6 3. Nc3 Bg7 4. e4 d6 5. Be2 e5 6. d5 Na6 7. Nf3 Nc5 8. Qc2 a5 9. Nd2 0-0 10. 0-0 Ne8 11. f3 Bh6 12. Nb3 Bxc1 13. Qxc1 b6 14. Nxc5 bxc5 15. Qe3 f5 16. Bd1 f4 17. Qd2 Bd7 18. Ba4 Bxa4 19. Nxa4 Nf6 20. Nc3 a4 21. Qc2 Qd7 22. Nb5 g5 23. Kf2 g4 24. Ke2 Kh8 25. Rf2 Rg8 26. Kd2 g3 27. hxg3 fxg3 28. Rff1 Nh5 29. Rae1 Nf4 30. Kc1 Rgb8 31. Kb1 Rxb5 32. cxb5 Qxb5 33. a3 Rb8 34. Ka1 Qa6 35. Rh1 Rb3 36. Rh4 Qd3 37. Qxd3 Rxd3 38. Reh1 h5 39. Rxh5+ Nxh5 40. Rxh5+ Kg7 41. Rg5+ Kf7 42. Rxg3 Rd2 43. Kb1 c4 44. Rg5 Rf2 45. Rf5+ Kg7 46. g4 Rg2 47. Rg5+ Kf7 48. Kc1 Rf2 49. Rf5+ Kg7 50. Kb1 Rg2 51. Rg5+ Kf7 52. Rh5 Kg7 53. Kc1 Rf2 54. Rf5 Rg2 55. Kb1 Rf2 56. Ka1 Rf1+ 57. Ka2 Rg1 58. f4 exf4 59. Rxf4 Rc1 60. Rf5 Re1 61. Rf4 Rc1 62. Rf5 Re1 63. Rf4 Rc1 1/2-1/2

[Event "Titled Tuesday intern op 18th Jul Early"]
[Site "Chess.com INT"]
[Date "2023.07.18"]
[Round "2"]
[White "Parpiev, Isaak"]
[Black "Gorovets, Andrey"]
[Result "1-0"]
[WhiteElo "2123"]
[BlackElo "2463"]
[PlyCount "99"]
[EventDate "2023.07.18"]
[EventType "swiss (blitz)"]
[EventRounds "11"]
[EventCountry "USA"]
[SourceTitle "EXT 2024"]
[Source "ChessBase"]
[SourceDate "2023.10.10"]
[SourceVersion "1"]
[SourceVersionDate "2023.10.10"]
[SourceQuality "1"]

1. d4 Nf6 2. c4 e6 3. Nc3 Bb4 4. e3 0-0 5. Bd3 d5 6. cxd5 exd5 7. a3 Bd6 8. Qc2 a6 9. Nge2 Nbd7 10. b4 b6 11. Bd2 Bb7 12. Rb1 Qe7 13. 0-0 h5 14. h3 Ne4 15. Bxe4 dxe4 16. Ng3 Nf6 17. Nf5 Qe6 18. Nxd6 cxd6 19. b5 a5 20. Na4 Rac8 21. Qb2 Nd7 22. Rbc1 Rc4 23. Rxc4 Qxc4 24. Nc3 Nf6 25. Rc1 Qd3 26. Qc2 Rc8 27. Qxd3 exd3 28. f3 Bd5 29. e4 Bb3 30. Kf2 Bc2 31. Ke3 Kf8 32. Nd1 d5 33. e5 Ng8 34. Nb2 Ne7 35. g4 hxg4 36. hxg4 f6 37. Nxd3 Bxd3 38. Rxc8+ Nxc8 39. Kxd3 a4 40. f4 Kf7 41. f5 g6 42. e6+ Kg7 43. Bb4 g5 44. Bc5 bxc5 45. dxc5 Kf8 46. Kd4 Ne7 47. b6 Ke8 48. b7 Nc6+ 49. Kxd5 Nb8 50. c6 1-0